000 00530nam a2200193Ia 4500
005 20260114185842.0
008 008 260114s9999 xx 000 0 eng d
020 _a9780755604197
037 _aEBOOK
040 _aCRL
_beng
_cCRL
041 _aeng
_2eng
084 _qCRL
100 _aSheri Klein
_9875197
245 0 _aArt and Laughter
260 _bBloomsbury
_c2006
856 _uhttps://doi.org/10.5040/9780755604197?locatt=label:secondary_bloomsburyCollections
942 _cEBOOK
999 _c1474131
_d1474131